Statistics for One Syllable Movie Titles

Click here to take the quiz!

General Stats

  • This quiz has been taken 1,077 times
  • The average score is 11 of 20

Answer Stats

HintAnswer% Correct
Will Ferrell leaves Santa's village to find his daddy.Elf
86%
A big green dude tries to get his swamp back.Shrek
84%
Sandra tries to keep it above 50mph.Speed
83%
Demi Moore doing alot for the hobby of pottery.Ghost
80%
Drunken, foul-mouthed stuffed animal.Ted
80%
A boy goes to sleep one night... and wakes up a man.Big
76%
Amity vs Shark.Jaws
75%
A boy, a bird, a talking dog and an old geezer.Up
68%
The T-Birds and Pink Ladies in a musical.Grease
65%
Ghost faceScream
53%
Torchure porn starts with two guys chained up inside a room.Saw
52%
A hacker fights to survive inside a computer.Tron
50%
Bank heist movie starring De Niro and Pacino.Heat
44%
A guy in sunnies kills lots... and LOTS of vampires.Blade
42%
Convenience store workers talking rubbish.Clerks
40%
Terrific little psychological sci-fi thriller starring Sam Rockwell.Moon
21%
Woody Allen... animated.Antz
17%
Warren Beatty's Best Film Oscar winner.Reds
17%
"Mockney" comedy crime capper.Snatch
17%
A drug deal goes wrong... from 3 different points of view.Go
11%

Score Distribution

Percentile by Number Answered

Percent of People with Each Score

Your Score History

You have not taken this quiz